000 00281nam a22001337a 4500
008 171218b xxu||||| |||| 00| 0 eng d
020 _a0683400193
041 _aeng
080 _a61
100 _a3
101 _aSHM
245 _aSTEDMANS CONCISE
_cBLYTON.B
942 _2udc
_cBK
999 _c39102
_d39102